Osiągnięcia w LM według państw - Statystyki

Ogólne statystyki
  • Ten quiz został rozwiązany 409 razy
  • Średni wynik to 11 z 13
Statystyki odpowiedzi
II Miejsce Zwycięstwo Odpowiedź % Poprawnych
9 13 Anglia
100%
11 18 Hiszpania
100%
10 7 Niemcy
99%
16 12 Włochy
99%
5 1 Francja
98%
5 4 Portugalia
97%
2 6 Holandia
94%
1 0 Belgia
84%
1 0 Grecja
72%
1 0 Szwecja
72%
1 1 Szkocja
68%
1 1 Rumunia
67%
1 1 Jugosławia
46%
Nie znaleziono quizów pasujących do podanych kryteriów
Rozkład punktacji
Procent ludzi z każdym wynikiem
Percentyl według liczby udzielonych odpowiedzi
Twoja historia wyników
Nie rozwiązałeś tego quizu